| 000 | 00491nam a2200193Ia 4500 | ||
|---|---|---|---|
| 005 | 20240809030059.0 | ||
| 008 | 240331s9999 xx 000 0 und d | ||
| 020 | _a0415126258 | ||
| 082 |
_bFIU _a400 |
||
| 100 | _aFiumara, G.C | ||
| 245 | 4 |
_aThe metaphoric process : _bconnections between language and life |
|
| 260 |
_aLondon _bRoutledge _c1995 |
||
| 300 | _a196 p ., | ||
| 650 | _aPhilosophy | ||
| 650 | _aPsychoanalysis | ||
| 650 | _alanguage | ||
| 650 | _aLinguistics | ||
| 942 | _cL | ||
| 999 |
_c3020 _d3020 |
||